| 000 | 02118nam a22003734a 4500 | ||
|---|---|---|---|
| 001 | ebr10256106 | ||
| 003 | CaPaEBR | ||
| 006 | m u | ||
| 007 | cr cn||||||||| | ||
| 008 | 070522s2008 mau sb 001 0 eng | ||
| 010 | _z 2007021330 | ||
| 020 | _z9780807044322 | ||
| 040 |
_aCaPaEBR _cCaPaEBR |
||
| 035 | _a(OCoLC)460042658 | ||
| 043 | _an-us--- | ||
| 050 | 1 | 4 |
_aKF538 _b.P65 2008eb |
| 082 | 0 | 4 |
_a346.7301/6 _222 |
| 100 | 1 | _aPolikoff, Nancy D. | |
| 245 | 1 | 0 |
_aBeyond straight and gay marriage _h[electronic resource] : _bvaluing all families under the law / _cNancy D. Polikoff. |
| 260 |
_aBoston : _bBeacon Press, _c2008. |
||
| 300 | _aix, 259 p. | ||
| 504 | _aIncludes bibliographical references and index. | ||
| 505 | 0 | _aThe changing meaning of marriage -- Gay rights and the conservative backlash -- Redefining family -- The right and the marriage movement -- LGBT families and the marriage equality movement -- Countries where marriage matters less -- Valuing all families -- Domestic partner benefits for all families -- Coping with illness : medical care and family and medical leave -- When a relationship ends through dissolution or death : distributing assets and providing for children -- Losing an economic provider : wrongful death, workers compensation, and social security. | |
| 533 |
_aElectronic reproduction. _bPalo Alto, Calif. : _cebrary, _d2013. _nAvailable via World Wide Web. _nAccess may be limited to ebrary affiliated libraries. |
||
| 650 | 0 |
_aUnmarried couples _xLegal status, laws, etc. _zUnited States. |
|
| 650 | 0 |
_aDomestic partner benefits _xLaw and legislation _zUnited States. |
|
| 650 | 0 |
_aSame-sex marriage _xLaw and legislation _zUnited States. |
|
| 650 | 0 |
_aCivil unions _xLaw and legislation _zUnited States. |
|
| 650 | 0 |
_aGay couples _xLegal status, laws, etc. _zUnited States. |
|
| 650 | 0 |
_aLesbian couples _xLegal status, laws, etc. _zUnited States. |
|
| 655 | 7 |
_aElectronic books. _2local |
|
| 710 | 2 | _aebrary, Inc. | |
| 856 | 4 | 0 |
_uhttp://site.ebrary.com/lib/rucke/Doc?id=10256106 _zAn electronic book accessible through the World Wide Web; click to view |
| 999 |
_c33527 _d33527 |
||